00193nam a22000857a 4500008004100000100002300041245002000064260001500084300000800099140109t xxu||||| |||| 00| 0 eng d aMolvi feroz ud din aFeroz ul lughat bFeroz sons a000